Statystyki dla Gdzie nigdy NIE pracował ten trener piłkarski Cz.2

Kliknij tutaj aby rozwiązać quiz!

Ogólne statystyki

  • Ten quiz został rozwiązany 421 razy
  • Średni wynik to 5 z 10

Statystyki odpowiedzi

ZagadnienieOdpowiedź% Poprawnych
Gdzie NIE pracował Adam NawałkaLechia Gdańsk
77%
Gdzie NIE pracował Maurizio SarriUdinese
63%
Gdzie NIE pracował Brendan RodgersWigan
63%
Gdzie NIE pracował Mauricio PochettinoGirondins Bordeaux
60%
Gdzie NIE pracował Rafael BenitezSevilla
56%
Gdzie NIE pracował Jerzy BrzęczekGórnik Zabrze
55%
Gdzie NIE pracował Nuno Espírito SantoGirona
44%
Gdzie NIE pracował Claudio RanieriFC Porto
38%
Gdzie NIE pracował Quique Sánchez FloresLevante
34%
Gdzie NIE pracował Massimiliano AllegriLivorno
25%

Rozkład punktacji

Percentyl według liczby udzielonych odpowiedzi

Procent ludzi z każdym wynikiem

Twoja historia wyników

Nie rozwiązałeś tego quizu